Normale Ansicht MARC-Ansicht ISBD

Leitfaden zur Dorfentwicklung in Brandenburg : (Titelsatznr. 373306)

[ MARC ]
MARC-Details
000 -Satzkennung
Kontrollfeld mit fester Länge 00640nam a22001937a 4500
003 - Kontrollnummer Identifier
Kontrollfeld OSt
005 - Datum und Zeit der letzten Transaktion
Kontrollfeld 20240829113555.0
008 - Feld mit fester Länge zur physischen Beschreibung - Allgemeine Angaben
Kontrollfeld mit fester Länge 240829b |||||||| |||| 00| 0 eng d
040 ## - Katalogisierungsquelle
Original-Katalogisierungsstelle DE-2950
Übertragungsstelle DE-2950
041 ## - Sprachcode
Sprachcode des Textes/der Tonspur oder des separaten Titels ger
245 ## - Titel
Titel Leitfaden zur Dorfentwicklung in Brandenburg :
Zusatz zum Titel (Schritte zur Dorferneuerung im Land Brandenburg als Teil der integrierten ländlichen Entwicklung) /
Verfasserangabe etc. Ministerium für Ernährung, Landwirtschaft und Forsten des Landes Brandenburg
250 ## - Ausgabebezeichnung
Ausgabebezeichnung 1. Auflage.
260 ## - Publikation, Vertrieb usw.
Erscheinungsort, Vertriebsort etc. Potsdam,
Erscheinungsjahr, Vertriebsjahr etc. 1993
300 ## - Physische Beschreibung
Umfang 70 S.
653 ## - Indexierungsterm - Nicht normiert
Nicht-normierter Term Brandenburg <Land>
653 ## - Indexierungsterm - Nicht normiert
Nicht-normierter Term Dorf
653 ## - Indexierungsterm - Nicht normiert
Nicht-normierter Term Entwicklung
942 ## - Zusätzliche Felder (Koha)
Klassifikation oder Aufstellungssystematik Andere/Generische Klassifikation
Koha-Medientyp Bücher
Exemplare
Ausgeschieden Verloren Klassifikation oder Aufstellungssystematik Beschädigt Nicht entleihbar Heimatbibliothek Aufenthaltsbibliothek Aufstellungsort Erwerbungsdatum Lieferant Anzahl Ausleihen Signatur Letzte Aktivität Exemplarnummer Preis gültig von Koha-Medientyp
    Andere/Generische Klassifikation     Stadtarchiv Frankfurt (Oder) | Archivbibliothek Stadtarchiv Frankfurt (Oder) | Archivbibliothek Magazin 29/08/2024 Geschenk Brückner   IV: 1580 29/08/2024 44/2023 29/08/2024 Bücher